Campo de concentraç /

Αποθηκεύτηκε σε:
Λεπτομέρειες βιβλιογραφικής εγγραφής
Κύριος συγγραφέας: Magalh,Brepohl de
Μορφή: Κείμενο
Θέματα:
Ετικέτες: Προσθήκη ετικέτας
Δεν υπάρχουν, Καταχωρήστε ετικέτα πρώτοι!

MARC

LEADER 00000 a a2200000 04500
001 8308
003
040
100 |a Magalh,Brepohl de  
245 |a Campo de concentraç /  |c Brepohl de Magalh  
650 |a CAMPOS DE CONCENTRACION  
650 |a TORTURA  
650 |a GENOCIDIO  
650 |a HISTORIA  
773 |g volumen 18, número 35; páginas 61-79  
999 |c 25473  |d 25473